[Event "Stockholm Scandic Ariadne"]
[Site "Stockholm"]
[Date "2016.11.04"]
[Round "3"]
[White "Guglielmi, Riccardo"]
[Black "Ornstein, Axel"]
[Result "0-1"]
[WhiteElo "2140"]
[BlackElo "2339"]
[PlyCount "136"]
[EventDate "2016.11.04"]
[EventType "swiss"]
[EventRounds "8"]
[EventCountry "SWE"]
[SourceTitle "CBM 175 Extra"]
[Source "ChessBase"]
[SourceDate "2016.12.12"]
[SourceVersion "1"]
[SourceVersionDate "2016.12.12"]
[SourceQuality "1"]

1. d4 Nf6 2. Bf4 e6 3. Nf3 c5 4. c3 b6 5. e3 Bb7 6. Be2 Be7 7. h3 0-0 8. 0-0 d6 9. Nbd2 Nbd7 10. Re1 Re8 11. Bh2 cxd4 12. exd4 a6 13. Rc1 b5 14. Bd3 Rc8 15. Ne4 Nxe4 16. Bxe4 Bxe4 17. Rxe4 Nf6 18. Re2 Qb6 19. Qb3 Qc6 20. Rce1 Nd5 21. Nd2 a5 22. a3 a4 23. Qd1 Nb6 24. f4 g6 25. Ne4 Qd5 26. Ng3 Qb3 27. Qb1 Bh4 28. Rf1 b4 29. axb4 a3 30. Ne4 Be7 31. bxa3 Qc4 32. Rfe1 d5 33. Nc5 Qxc3 34. Qd1 Bf6 35. Rd2 Qxa3 36. Qb1 Bg7 37. Rd3 Qa7 38. Qd1 Nc4 39. Qe2 Nd6 40. h4 Qb6 41. Rb1 Nf5 42. Nd7 Bxd4+ 43. Kh1 Qd8 44. Ne5 Qxh4 45. Rh3 Qe7 46. g4 Nd6 47. b5 Ne4 48. Rf1 Qc5 49. Rhf3 Rb8 50. Nd7 Qxb5 51. Qd1 Qxd7 52. Qxd4 Qb5 53. f5 exf5 54. gxf5 Qc4 55. Qd1 Rb2 56. fxg6 fxg6 57. Qe1 Nf2+ 58. Qxf2 Rxf2 59. R3xf2 Qe4+ 60. Kg1 Qg4+ 61. Rg2 Qd4+ 62. Kh1 Rf8 63. Re1 Rf2 64. Rxf2 Qxf2 65. Rg1 d4 66. Bg3 Qf3+ 67. Kh2 d3 68. Re1 d2 0-1

[Event "Malmo op"]
[Site "Malmo"]
[Date "2013.12.15"]
[Round "6"]
[White "Kristensen, Kaare Hove"]
[Black "Guglielmi, Riccardo"]
[Result "1-0"]
[WhiteElo "2342"]
[BlackElo "2193"]
[PlyCount "111"]
[EventDate "2013.12.13"]
[EventType "swiss"]
[EventRounds "7"]
[EventCountry "SWE"]
[SourceTitle "CBM 157 Extra"]
[Source "ChessBase"]
[SourceDate "2013.12.19"]
[SourceVersion "1"]
[SourceVersionDate "2013.12.19"]
[SourceQuality "1"]

1. d4 Nf6 2. c4 c5 3. e3 g6 4. Nc3 Bg7 5. Nf3 0-0 6. Be2 b6 7. 0-0 d6 8. Re1 Bb7 9. d5 Nbd7 10. e4 Bc8 11. h3 a6 12. Bf4 Ne8 13. Bf1 Rb8 14. a4 f6 15. Qd2 Rf7 16. Rab1 a5 17. Bd3 Ne5 18. Nh2 Nc7 19. Rbd1 Qf8 20. b3 Nxd3 21. Qxd3 Bd7 22. Bg3 Re8 23. f4 Kh8 24. Nf3 Kg8 25. Kh2 Bc8 26. e5 fxe5 27. fxe5 Bf5 28. Ne4 Bxe4 29. Rxe4 Rd8 30. Ng5 Rf5 31. Ne6 Nxe6 32. dxe6 Qe8 33. exd6 exd6 34. e7 Rd7 35. Qxd6 Rxd6 36. Rxd6 Kf7 37. Rd8 Rf1 38. Rxe8 Kxe8 39. Bc7 Bd4 40. Bxb6 Rb1 41. Bxa5 Bg1+ 42. Kg3 Rxb3+ 43. Kf4 Ra3 44. Bd8 Rxa4 45. Kg5 Ra2 46. Kh6 Rxg2 47. Kxh7 g5 48. Rg4 Rxg4 49. hxg4 Be3 50. Kg6 Bf4 51. Kf6 Be3 52. Ke6 Bd4 53. Bc7 Be3 54. Bd6 Bf2 55. Kd5 Kd7 56. Bxc5 1-0

[Event "SWE-chT 0203"]
[Site "Sweden"]
[Date "2002.10.13"]
[Round "3"]
[White "Olsson, Anders"]
[Black "Guglielmi, Riccardo"]
[Result "1-0"]
[WhiteElo "2327"]
[BlackElo "2195"]
[PlyCount "49"]
[EventDate "2002.10.11"]
[EventType "team"]
[EventRounds "11"]
[EventCountry "SWE"]
[SourceTitle "EXT 2004"]
[Source "ChessBase"]
[SourceDate "2003.11.25"]
[SourceVersion "1"]
[SourceVersionDate "2003.11.25"]
[SourceQuality "1"]
[WhiteTeam "Stockholm Rockaden"]
[BlackTeam "Helsingborg"]
[WhiteTeamCountry "SWE"]
[BlackTeamCountry "SWE"]

1. e4 e6 2. d4 d5 3. Nd2 Nf6 4. e5 Nfd7 5. c3 c5 6. Bd3 Nc6 7. Ne2 g6 8. Nf3 Bg7 9. Bg5 Qb6 10. Qd2 cxd4 11. cxd4 Qb4 12. Rc1 Qxd2+ 13. Kxd2 0-0 14. Bb5 Ndb8 15. h4 Bd7 16. Bd3 Be8 17. h5 Nd7 18. hxg6 fxg6 19. Be3 Bf7 20. Ng5 h5 21. Nxf7 Kxf7 22. Nf4 Ndxe5 23. dxe5 Bxe5 24. Nxg6 Rg8 25. Rxc6 1-0

[Event "Oz.com qual blitz"]
[Site "ICC INT"]
[Date "2000.03.05"]
[Round "3"]
[White "Simonenko, Sergei"]
[Black "Guglielmi, Riccardo"]
[Result "1/2-1/2"]
[WhiteElo "2440"]
[BlackElo "2195"]
[PlyCount "99"]
[EventDate "2000.03.05"]
[EventType "swiss (blitz)"]
[EventRounds "9"]
[EventCountry "USA"]
[SourceTitle "EXT 2001"]
[Source "ChessBase"]
[SourceDate "2000.11.22"]
[SourceVersion "1"]
[SourceVersionDate "2000.11.22"]
[SourceQuality "1"]

1. d4 Nf6 2. Nf3 d5 3. g3 g6 4. Bg2 Bg7 5. 0-0 0-0 6. Ne5 c6 7. c4 dxc4 8. Nxc4 Be6 9. Ne5 Bd5 10. f3 Nfd7 11. Nxd7 Nxd7 12. Nc3 e5 13. Nxd5 cxd5 14. Be3 Qb6 15. Qd2 exd4 16. Bf2 Rfe8 17. Rfe1 Rac8 18. Rad1 Nc5 19. Bxd4 Bxd4+ 20. Qxd4 Qa6 21. Qxd5 Rxe2 22. Bf1 Rxe1 23. Rxe1 Qf6 24. Bc4 b6 25. b3 Rd8 26. Qe5 Qxe5 27. Rxe5 Rd1+ 28. Kf2 Rd2+ 29. Ke3 Rxh2 30. Re8+ Kg7 31. Re7 Rxa2 32. Rxf7+ Kh6 33. f4 Nxb3 34. Bxb3 Ra3 35. Kf2 Rxb3 36. Rxa7 b5 37. Rb7 b4 38. Kg2 Rb2+ 39. Kh3 Rb3 40. Kh4 Rb1 41. g4 Rh1+ 42. Kg3 Rg1+ 43. Kh3 Rh1+ 44. Kg2 Rb1 45. Kh3 Rh1+ 46. Kg3 Rg1+ 47. Kh3 Rh1+ 48. Kg3 Rg1+ 49. Kh3 Rh1+ 50. Kg3 1/2-1/2

[Event "Oz.com qual blitz"]
[Site "ICC INT"]
[Date "2000.03.05"]
[Round "1"]
[White "Vasquez Schroder, Rodrigo Rafael"]
[Black "Guglielmi, Riccardo"]
[Result "1-0"]
[WhiteElo "2445"]
[BlackElo "2195"]
[PlyCount "149"]
[EventDate "2000.03.05"]
[EventType "swiss (blitz)"]
[EventRounds "9"]
[EventCountry "USA"]
[SourceTitle "EXT 2001"]
[Source "ChessBase"]
[SourceDate "2000.11.22"]
[SourceVersion "1"]
[SourceVersionDate "2000.11.22"]
[SourceQuality "1"]

1. e4 e6 2. d4 d5 3. Nc3 Bb4 4. e5 Ne7 5. a3 Bxc3+ 6. bxc3 c5 7. Nf3 Nbc6 8. a4 b6 9. Bd3 c4 10. Be2 Bd7 11. 0-0 h6 12. h4 Qc7 13. g3 0-0-0 14. Kg2 Rdf8 15. Ba3 f6 16. Bd6 Qd8 17. a5 b5 18. a6 Rf7 19. Qb1 Nb8 20. Qb4 Nf5 21. Bc5 Bc6 22. h5 Qd7 23. Qb1 Qc7 24. g4 Ne7 25. Bd6 Qb6 26. Bc5 Qc7 27. Qc1 Nd7 28. Bd6 Qb6 29. Qe3 fxe5 30. Nxe5 Nxe5 31. Bxe5 Rhf8 32. f3 Bd7 33. Bg3 g6 34. Qxh6 gxh5 35. Qxh5 Nc6 36. Qh6 Rf6 37. Qe3 e5 38. Rfd1 exd4 39. cxd4 Re6 40. Qf2 Rfe8 41. Bf1 b4 42. Kg1 c3 43. Rab1 Re3 44. Bf4 R3e7 45. Bd6 Rf7 46. Bc5 Qc7 47. Bh3 Rh7 48. Kg2 Reh8 49. Rh1 Qa5 50. Qe2 Re8 51. Qd3 Rhh8 52. Rhe1 Rxe1 53. Rxe1 b3 54. cxb3 Re8 55. Rc1 Qa2+ 56. Kg3 Re2 57. Qxc3 Rh2 58. Qe3 Qb2 59. Rg1 Kc7 60. Rg2 Rxg2+ 61. Bxg2 Qb1 62. f4 Qh7 63. f5 Qg8 64. Qf4+ Kc8 65. Qd6 Qe8 66. Qf8 Qxf8 67. Bxf8 Nxd4 68. Bxd5 Kc7 69. Bc5 Nb5 70. f6 Be8 71. f7 Bxf7 72. Bxf7 Kc6 73. Be8+ Kxc5 74. Bxb5 Kxb5 75. g5 1-0

[Event "Politiken Cup 18th"]
[Site "Copenhagen"]
[Date "1996.??.??"]
[Round "8"]
[White "Costello, Colin"]
[Black "Guglielmi, Riccardo"]
[Result "0-1"]
[WhiteElo "2070"]
[BlackElo "2200"]
[PlyCount "66"]
[EventDate "1996.06.??"]
[EventType "swiss"]
[EventRounds "11"]
[EventCountry "DEN"]
[SourceTitle "CBM 054 Extra"]
[Source "ChessBase"]
[SourceDate "1996.11.01"]
[SourceVersion "1"]
[SourceVersionDate "1996.11.01"]
[SourceQuality "1"]

1. c4 b6 2. Nc3 c5 3. Nf3 Bb7 4. e3 Nc6 5. d4 cxd4 6. exd4 e6 7. Bd3 Nf6 8. Bg5 Be7 9. 0-0 Qb8 10. Re1 Ng4 11. Bxe7 Nxe7 12. d5 Ng6 13. Bf5 Qf4 14. Bxg6 hxg6 15. Re4 Qf5 16. Nb5 Ke7 17. Nd6 Kxd6 18. dxe6+ Kc7 19. Qxd7+ Kb8 20. Qd6+ Kc8 21. Rf4 Qc2 22. Qd7+ Kb8 23. Rxg4 fxe6 24. Qd6+ Kc8 25. Qxe6+ Kb8 26. Qd6+ Kc8 27. Rd1 Bxf3 28. gxf3 Kb7 29. Rxg6 Rag8 30. Qc6+ Kb8 31. Qd6+ Kb7 32. Qc6+ Kb8 33. Rgd6 Qh7 0-1

[Event "Politiken Cup 18th"]
[Site "Copenhagen"]
[Date "1996.??.??"]
[Round "7"]
[White "Guglielmi, Riccardo"]
[Black "Henriksen, Bo"]
[Result "0-1"]
[WhiteElo "2200"]
[BlackElo "2080"]
[PlyCount "86"]
[EventDate "1996.06.??"]
[EventType "swiss"]
[EventRounds "11"]
[EventCountry "DEN"]
[SourceTitle "CBM 054 Extra"]
[Source "ChessBase"]
[SourceDate "1996.11.01"]
[SourceVersion "1"]
[SourceVersionDate "1996.11.01"]
[SourceQuality "1"]

1. e4 c5 2. b4 cxb4 3. d4 d5 4. e5 Bf5 5. a3 Qc7 6. Bb5+ Nd7 7. Ba4 Rc8 8. Ra2 b5 9. Bb3 e6 10. axb4 Bxb4+ 11. Bd2 Bxd2+ 12. Qxd2 Ne7 13. Ne2 0-0 14. 0-0 f6 15. f4 Qb6 16. Qe3 Bg4 17. c3 Nf5 18. Qf2 fxe5 19. dxe5 Nc5 20. Bd1 Ne4 21. Qxb6 axb6 22. h3 Bxe2 23. Bxe2 Nfg3 24. Bg4 Rc6 25. Re1 h5 26. Bf3 Rxf4 27. Ra7 Rf7 28. Ra8+ Rf8 29. Ra7 Rfc8 30. Ra1 Nxc3 31. Nxc3 Rxc3 32. h4 g6 33. Reb1 Nf5 34. Be2 Nd4 35. Bf1 b4 36. Ra6 b3 37. Rxb6 Rc1 38. Rb2 R8c2 39. R2xb3 Nxb3 40. Rxb3 Re2 41. Rg3 Rxe5 42. Rxg6+ Kf7 43. Rg3 Rf5 0-1

[Event "Imperia op 33rd"]
[Site "Imperia"]
[Date "1991.09.12"]
[Round "6.24"]
[White "Bossi, Alessandro"]
[Black "Guglielmi, Riccardo"]
[Result "1-0"]
[WhiteElo "2012"]
[BlackElo "1954"]
[PlyCount "91"]
[EventDate "1991.09.07"]
[EventType "swiss"]
[EventRounds "9"]
[EventCountry "ITA"]
[SourceTitle "EXT 2024"]
[Source "ChessBase"]
[SourceDate "2023.10.10"]
[SourceVersion "1"]
[SourceVersionDate "2023.10.10"]
[SourceQuality "1"]

1. d4 Nf6 2. c4 c5 3. Nf3 g6 4. Nc3 Bg7 5. g3 0-0 6. Bg2 cxd4 7. Nxd4 Nc6 8. Nc2 d6 9. 0-0 Be6 10. Nd5 Rc8 11. b3 Ng4 12. Rb1 Qa5 13. a3 Rfe8 14. Bb2 Nf6 15. b4 Qd8 16. Nxf6+ exf6 17. Ne3 b6 18. f4 Ne7 19. Rc1 Nf5 20. Nxf5 Bxf5 21. Qd2 Qe7 22. Kf2 Be4 23. Bf3 Qd7 24. Rfe1 Re6 25. Qd4 Bxf3 26. exf3 Rce8 27. Re4 h5 28. Kg2 h4 29. Rd1 h3+ 30. Kf2 Qa4 31. Rd2 Qb3 32. Rxe6 Rxe6 33. g4 a5 34. Qd3 Qa4 35. bxa5 bxa5 36. Kg3 Bh6 37. Re2 Qe8 38. Rxe6 Qxe6 39. Qe4 f5 40. Qxe6 fxe6 41. a4 Bg7 42. Bxg7 Kxg7 43. Kxh3 d5 44. cxd5 exd5 45. Kg3 Kf6 46. h4 1-0

[Event "Cansys IM-B"]
[Site "Budapest"]
[Date "1991.??.??"]
[Round "3"]
[White "Guglielmi, Riccardo"]
[Black "Piroska, Istvan"]
[Result "1-0"]
[WhiteElo "2260"]
[BlackElo "2255"]
[PlyCount "59"]
[EventDate "1991.??.??"]
[EventType "tourn"]
[EventRounds "13"]
[EventCountry "HUN"]
[EventCategory "2"]
[SourceTitle "EXT 1997"]
[Source "ChessBase"]
[SourceDate "1996.11.15"]
[SourceVersion "1"]
[SourceVersionDate "1996.11.15"]
[SourceQuality "1"]

1. e4 c5 2. b4 cxb4 3. d4 g6 4. a3 bxa3 5. Nxa3 Bg7 6. f4 d6 7. Nf3 Nc6 8. Bc4 e6 9. 0-0 Nge7 10. c3 d5 11. Bd3 dxe4 12. Bxe4 0-0 13. Kh1 Nd5 14. Qe1 a6 15. Ne5 f6 16. Nxc6 bxc6 17. Nc4 a5 18. Ba3 Rf7 19. Nd6 Rd7 20. Bxd5 Rxd6 21. Bxd6 cxd5 22. Bc5 Bf8 23. Bxf8 Qxf8 24. Qh4 Qd8 25. Rfb1 a4 26. g4 Qc7 27. Qxf6 Qxc3 28. Rf1 a3 29. Qd8+ Kg7 30. Rac1 1-0

[Event "Cansys IM-B"]
[Site "Budapest"]
[Date "1991.??.??"]
[Round "8"]
[White "Sziva, Erika"]
[Black "Guglielmi, Riccardo"]
[Result "1-0"]
[WhiteElo "2245"]
[BlackElo "2260"]
[PlyCount "59"]
[EventDate "1991.??.??"]
[EventType "tourn"]
[EventRounds "13"]
[EventCountry "HUN"]
[EventCategory "2"]
[SourceTitle "EXT 1997"]
[Source "ChessBase"]
[SourceDate "1996.11.15"]
[SourceVersion "1"]
[SourceVersionDate "1996.11.15"]
[SourceQuality "1"]

1. e4 e6 2. d4 d5 3. Nc3 Bb4 4. e5 c5 5. a3 Bxc3+ 6. bxc3 Ne7 7. Qg4 Qc7 8. Bd3 Nbc6 9. Nf3 cxd4 10. cxd4 Bd7 11. 0-0 0-0-0 12. Qxg7 Rhg8 13. Qh6 Nf5 14. Bxf5 exf5 15. Bg5 Rde8 16. Bf6 Qa5 17. Rfc1 Rg6 18. Qxh7 Qc3 19. Qxf7 Reg8 20. Nh4 Rg4 21. f3 Nd8 22. Qh7 Qxd4+ 23. Kh1 R4g5 24. e6 Qxf6 25. Qxd7+ Kb8 26. e7 R5g7 27. Nxf5 Rxg2 28. Qd6+ Qxd6 29. Nxd6 Re2 30. Re1 1-0

[Event "Cannes op"]
[Site "Cannes"]
[Date "1990.??.??"]
[Round "4"]
[White "Guglielmi, Riccardo"]
[Black "Coste, Thierry"]
[Result "1-0"]
[WhiteElo "2100"]
[BlackElo "2230"]
[PlyCount "67"]
[EventDate "1990.02.??"]
[EventType "swiss"]
[EventRounds "9"]
[EventCountry "FRA"]
[SourceTitle "EXT 1997"]
[Source "ChessBase"]
[SourceDate "1996.11.15"]
[SourceVersion "1"]
[SourceVersionDate "1996.11.15"]
[SourceQuality "1"]

1. e4 c5 2. b4 b6 3. Ne2 Bb7 4. Ng3 e6 5. bxc5 bxc5 6. Nc3 Nc6 7. Bc4 Nf6 8. 0-0 Be7 9. Rb1 Rb8 10. d3 0-0 11. Bf4 d6 12. a3 Qc8 13. Re1 Rd8 14. Ba2 Ne8 15. Qd2 Bf8 16. Bg5 Ne7 17. Be3 Nc7 18. f4 Nc6 19. f5 d5 20. Bf2 Nd4 21. fxe6 fxe6 22. Bxd4 cxd4 23. Nb5 Nxb5 24. Rxb5 Bc6 25. Rxb8 Qxb8 26. Qg5 Rd7 27. Rf1 Qd8 28. Qg4 Qe8 29. Nh5 Kh8 30. Nf4 Rf7 31. Qxe6 Re7 32. Qh3 Rf7 33. exd5 Bd7 34. Qh4 1-0

[Event "Cannes op"]
[Site "Cannes"]
[Date "1990.??.??"]
[Round "8"]
[White "Zakic, Srdjan"]
[Black "Guglielmi, Riccardo"]
[Result "1/2-1/2"]
[WhiteElo "2355"]
[BlackElo "2100"]
[PlyCount "77"]
[EventDate "1990.02.??"]
[EventType "swiss"]
[EventRounds "9"]
[EventCountry "FRA"]
[SourceTitle "EXT 1997"]
[Source "ChessBase"]
[SourceDate "1996.11.15"]
[SourceVersion "1"]
[SourceVersionDate "1996.11.15"]
[SourceQuality "1"]

1. e4 e6 2. d4 d5 3. Nc3 Bb4 4. e5 c5 5. Qg4 Ne7 6. Nf3 Nbc6 7. a3 Bxc3+ 8. bxc3 Qc7 9. Qxg7 Rg8 10. Qxh7 cxd4 11. Bf4 Bd7 12. Qd3 dxc3 13. Qxc3 0-0-0 14. Bd3 d4 15. Qd2 Rxg2 16. Bg3 Nd5 17. Qg5 Nce7 18. Kf1 Rg8 19. Qh6 R2xg3 20. hxg3 Qc3 21. Re1 Bc6 22. Qd2 Ne3+ 23. fxe3 Qxd2 24. Nxd2 Bxh1 25. Kf2 dxe3+ 26. Rxe3 Bc6 27. Nc4 Kd7 28. Re1 Rh8 29. Rf1 Rh1 30. Rxh1 Bxh1 31. Nd6 Nc6 32. Nxf7 Ke7 33. Bg6 Nxe5 34. Nxe5 Kf6 35. Ke3 Kxe5 36. Bd3 b6 37. g4 Bc6 38. g5 Be8 39. c3 1/2-1/2